Markovove reťazce v životnom poistení

Pri modelovaní procesov životného postenia sú vhodným matematickým aparátom Markovove procesy. Autorky demonštrujú, ako možno modelovať životné poistenie pomocou Markovových reťazcov, a ako možno použiť ocenenie procesu pri výpočte poistného a pri výpočte prebytku z úmrtnosti pri zmiešanom poistení.

Gespeichert in:
Bibliographische Detailangaben
1. Verfasser: Sekerová, Viera
Format: Buchkapitel
Sprache:Slowakisch
Schlagworte:
Tags: Tag hinzufügen
Keine Tags, Fügen Sie das erste Tag hinzu!

MARC

LEADER 00000naa$a2200000$$$4500
001 0019370
005 20220606115727.0
041 0 |a slo 
044 |a SK 
245 1 0 |a Markovove reťazce v životnom poistení  |c Viera Sekerová 
520 |a Pri modelovaní procesov životného postenia sú vhodným matematickým aparátom Markovove procesy. Autorky demonštrujú, ako možno modelovať životné poistenie pomocou Markovových reťazcov, a ako možno použiť ocenenie procesu pri výpočte poistného a pri výpočte prebytku z úmrtnosti pri zmiešanom poistení. 
610 2 0 |a matematika poistná 
610 2 0 |a poistenie životné 
610 2 0 |a modelovanie 
610 2 0 |a reťazce Markovove 
610 2 0 |a pravdepodobnosť 
610 2 0 |a úmrtnosť 
100 1 |a Sekerová, Viera